000 00990nam a2200289 a 4500
999 _c391271
_d391271
003 BLK
005 20240716005336.0
008 180411b bul|||||r ||||||| ||bul||
010 _aKNG00175957000
040 _aBLK
041 _aBUL
_cBUL
080 _aАнглийска литература
_b821.111
_x-21
_z821.111-21
139 _aШекспир, Уилям
_bШ 50
245 1 0 _aМакбет
_bТрагедия в 5 д. в стихове
_cУилям Шекспир ; прев. от рус. ; под ред. на Б. Райнов
257 _aGBR
260 _c1896
_fпеч. Взаимност
_aВарна
300 _a144 с.
_c21 см
380 _aX
490 _9204975
_aТеатрална библиотека
490 _9435080
_aКолекция Редки и ценни издания
700 _aРайнов, Б.
_9435922
852 _aРб 896
_bРц
856 4 _qpdf
856 4 _qpdf
942 _cKNG
_n0
_s1
944 _aCR
_c2020-11-05
_k
_lCRON CRON